00413nam a2200193Ia 4500003000900000008004100009040001300050040001300063041000800076100001800084245003400102250001100136260000800147260000900155300001100164300001200175490002600187490000600213IT-RoPAU120407s9999 xx 000 0 und d aIT-RoPAU cIT-RoPAU aita aAlberto Basso aL’età di Bach e di Hendel aTorino aEdt c1976 a181 p. c20,5 cm aStoria della musica,5 v5